Регионална библиотека "Любен Каравелов" - Русе

Моят балет (Запис номер 72963)

MARC детайли
000 -Лидер
Контролно поле с фиксирана дължина 01400nam a2200325 c 4500
003 - Код на организацията, давaща контролен номер
Контролно поле BLK
005 - Дата и час на последна редакция
Контролно поле 20210209093237.0
008 - Елементи от данни с фиксирана дължина
fixed length control field 180408b bul|||||r ||||||| ||bul||
010 ## - Наследен системен номер
LC control number KNG00077343000
020 ## - Международен стандартен номер на книга ISBN
Международен стандартен номер на книга ISBN 978-954-491-327-4
040 ## - Източник на каталожния запис
Идентификатор на билиотеката - собственик на записа BLK
041 ## - Код за език
Код за езика на текст/звукозапис или на отделно заглавие Български
Код за езика КДБФ Български
080 ## - УДК
Текстов определител УДК Балетни танци (класически и модерни). Характерни танци. Вж и 78.085.5; 78.085.7; 792.8
УДК код - определител по УДК 793.32
УДК определител (02.062)
УДК - код + определител 793.32(02.062)
139 ## - Редно поле
Редна дума Илиева, Мария
Авторски знак Илие - И 52
245 10 - Сведения за заглавието
Заглавие Моят балет
Редно поле (дума) текст Мария Илиева; фотогр. Борис Димитров.
257 ## - Страна на издаване
Страна на създаване/издаване България
260 ## - Област на издателските данни
Име на издателя, разпространителя и проч. Жанет 45
Година на издаване 2007
Място на издаване, разпространение и проч. Пловдив
300 ## - Физическа характеристика
Страници 48 с.
Илюстрации и др. с цв. ил.
Размери/Мащаб 28 см
Съпровождащи материали CD
380 ## - Жанр
Жанр Изкуство
500 ## - Общи забележки
Забележка Псевд. на авт. Мария Илиева - Маша ; Други фотогр. : В. Викторов, И. Илиев, З. Деков. - Прил. със същото загл. и сигн. CD 1907.
650 #4 - Допълнително описание по предмет – тема
Основно описание – тема или топоним Балет
9 (RLIN) 147951
653 ## - Ключова дума – ненормативна
Ключова дума балет
700 1# - Други автори (авторска отговорност)
Лично име Илиева, Мария
Автороска отговорност (Описва отношението между автора и произведението) текст
Друга информация Иванова, Мария Илиева
9 (RLIN) 363450
700 1# - Други автори (авторска отговорност)
Лично име Димитров, Борис
Автороска отговорност (Описва отношението между автора и произведението) фотогр.
9 (RLIN) 369596
852 ## - Местоположение
Форматна сигнатура Цб ІІ 14692
856 4# - Електронен адрес и достъп
Електронен формат pdf - файл
856 4# - Електронен адрес и достъп
Електронен формат pdf - файл
999 ## - СИСТЕМНИ КОНТРОЛНИ НОМЕРА
Koha biblionumber 72963
Koha biblioitemnumber 72963
942 ## - АРТИКУЛИ
Вид на библиотечния материал Книги
Скрит в OPAC Не
Koha issues (borrowed), all copies 1
Периодичен библиозапис Да
944 ## - СЪЗДАВАНЕ И РЕДАКЦИЯ на ЗАПИСА
Създаване/Редакция Създаване
Дата на регистрацията/редакция 13.08.2007
Статус, дата на статуса ф /
Служител, извършил регистрацията/редакцията Людмила_Стоянова
944 ## - СЪЗДАВАНЕ И РЕДАКЦИЯ на ЗАПИСА
Създаване/Редакция Редакция
Дата на регистрацията/редакция 27.01.2012
Статус, дата на статуса ф /
999 ## - СИСТЕМНИ КОНТРОЛНИ НОМЕРА
Koha biblioitemnumber 72963
Наличности
Код за отписване Код за изгубен артикул Източник на класификационната схема Код за повреда Коз за рестрикции Код за отдаване Артикулен № Име на библиотеката - собственик Име на библиотеката, в която се намира в момента Статус (Текущо местоположение) Дата на вписване в системата Местоположение - отдел Цена в лева Инвентарен номер Систематично азбучна сигнатура Баркод Номер на екземпляра Цена в евро Служебна бележка Служебен тип на артикула
  Не е изгубен Universal Decimal Classification Не е повреден без рестрикции заемане за дома 118633 Регионална библиотека "Любен Каравелов" Русе Регионална библиотека "Любен Каравелов" Русе Отдел Изкуство - подръчен фонд 2007-08-13 Отдел Изкуство - подръчен фонд 7.00 120000716536 793.3/И 52 120000716536 1 3.58 Дост: Pk Вид: Ф N: 6896 Дата: 09.08.2007 Дата инв: 08.06.2012 Бележки инв: * Книги
  Не е изгубен Universal Decimal Classification Не е повреден само за читалня ползва се в читалня 118634 Регионална библиотека "Любен Каравелов" Русе Регионална библиотека "Любен Каравелов" Русе Хранилище 2008-02-14 Хранилище 7.00 120000723314 Цб ІІ 14692 120000723314 2 3.58 Дост: Dp Вид: Д N: 46 Дата: 24.10.2007 Книги
  Не е изгубен Universal Decimal Classification Не е повреден без рестрикции заемане за дома 118635 Регионална библиотека "Любен Каравелов" Русе Регионална библиотека "Любен Каравелов" Русе Отдел Изкуство - подръчен фонд 2008-09-29 Отдел Изкуство - подръчен фонд 7.00 120000729868 793.3/И 52 120000729868 3 3.58 Дост: Pk Вид: Ф N: 8937 Дата: 24.09.2008 Дата инв: 05.04.2017 Бележки инв: ИП2017 Книги
  Не е изгубен Universal Decimal Classification Не е повреден без рестрикции заемане за дома 118636 Регионална библиотека "Любен Каравелов" Русе Регионална библиотека "Любен Каравелов" Русе Детски отдел 2008-09-29 Детски отдел 7.00 120000729869 ДН 79/И 52 120000729869 4 3.58 Дост: Pk Вид: Ф N: 8937 Дата: 24.09.2008 Дата инв: 20.08.2015 Бележки инв: Д2015 Книги
Изтеглен Не е изгубен Universal Decimal Classification Не е повреден без рестрикции заемане за дома 118637 Регионална библиотека "Любен Каравелов" Русе Регионална библиотека "Любен Каравелов" Русе Отдел Изкуство - подръчен фонд 2008-10-14 Отдел Изкуство - подръчен фонд 7.00 120000730428 793.3/И 52 120000730428 5 3.58 Дост: Pk Вид: Ф N: 8702 Дата: 14.10.2008 Книги
  Не е изгубен Universal Decimal Classification Не е повреден без рестрикции заемане за дома 118638 Регионална библиотека "Любен Каравелов" Русе Регионална библиотека "Любен Каравелов" Русе Детски отдел 2011-12-19 Детски отдел 7.00 120000756141 ДН 79/И 52 120000756141 6 3.58 Дост: Pk Вид: Ф N: 291 Дата: 15.12.2011 Дата инв: 20.08.2015 Бележки инв: Д2015 Книги
Vip Innovations Ltd, Rousse, Bulgaria 2025